000 00549nam a2200193Ia 4500
005 20250923144314.0
008 008 250917s9999 xx 000 0 eng d
037 _aTextual
040 _aDSWL
_beng
_cDSWL
041 _aeng
_2eng
084 _a72313449811, E1
_qDSWL
100 _aSelgiman, C.G.
_9823458
245 4 _aThe Veddas
_cby C.G. Selgiman
260 _aCambridge
_bUniversity Press
_c1911
300 _a463 p.
700 _aZ. Brenda
_9823459
942 _cTEXL
_h72313449811, E1
999 _c1437225
_d1437225